000 00251nam a2200097Ia 4500
001 923046
005 20250826191455.0
008 250824s9999 xx 000 0 und d
245 0 _aHEDEF TÜRKİYE
_cOKTAY SİNANOĞLU
260 _bBİLİM GÖNÜL YAYINLARI
999 _c923046
_d923046